[Event "Val Thorens op"]
[Site "Val Thorens"]
[Date "1995.??.??"]
[Round "?"]
[White "Magnier, Herve"]
[Black "Vareille, Francois"]
[Result "0-1"]
[WhiteElo "2205"]
[BlackElo "2380"]
[PlyCount "46"]
[EventDate "1995.??.??"]
[EventType "swiss"]
[EventRounds "9"]
[EventCountry "FRA"]
[SourceTitle "EXT 1999"]
[Source "ChessBase"]
[SourceDate "1998.11.16"]
[SourceVersion "1"]
[SourceVersionDate "1998.11.16"]
[SourceQuality "1"]

1. d4 Nf6 2. Nf3 g6 3. c4 Bg7 4. Nc3 d5 5. Qb3 dxc4 6. Qxc4 0-0 7. e4 Bg4 8. Be3 Nfd7 9. Rd1 Nb6 10. Qb3 Nc6 11. h3 Bxf3 12. gxf3 e6 13. h4 h5 14. Ne2 Qe7 15. e5 Rfd8 16. Bg5 Qb4+ 17. Qc3 Rd7 18. a3 Qb5 19. Be3 Rad8 20. Rd2 Nd5 21. Qc2 Nxe5 22. dxe5 Nxe3 23. fxe3 Rxd2 0-1

[Event "Val Thorens op"]
[Site "Val Thorens"]
[Date "1993.??.??"]
[Round "3"]
[White "Magnier, Herve"]
[Black "Chaize, Laurent"]
[Result "1-0"]
[WhiteElo "2215"]
[BlackElo "1990"]
[PlyCount "65"]
[EventDate "1993.??.??"]
[EventType "swiss"]
[EventRounds "8"]
[EventCountry "FRA"]
[SourceTitle "EXT 1999"]
[Source "ChessBase"]
[SourceDate "1998.11.16"]
[SourceVersion "1"]
[SourceVersionDate "1998.11.16"]
[SourceQuality "1"]

1. d4 Nf6 2. Nf3 g6 3. c4 Bg7 4. Nc3 0-0 5. g3 d6 6. Bg2 c6 7. 0-0 Nbd7 8. e4 e5 9. h3 Qb6 10. Re1 exd4 11. Nxd4 Ne5 12. b3 Nfd7 13. Be3 Nc5 14. Bf1 Qb4 15. Rc1 Bxh3 16. Bxh3 Ncd3 17. Re2 Nxc1 18. Qxc1 Nf3+ 19. Nxf3 Bxc3 20. Nd4 Rfe8 21. a3 Qa5 22. Bg2 Bxd4 23. Bxd4 f5 24. Bc3 Qc7 25. Qd2 Re7 26. exf5 Rf7 27. fxg6 hxg6 28. Qh6 Rh7 29. Qxg6+ Kf8 30. Re6 Rd8 31. Rf6+ Rf7 32. Qh6+ Ke8 33. Qh8+ 1-0